000 00976nam a22003017a 4500
003 CHAP
005 20220329140620.0
008 971013s1964 r 00010 d
010 _a54782
011 _a55754
035 _a59906
040 _cCHAP
082 _a634
_bT8
100 0 0 _aTukey, Harold Bradford.
_9115519
245 _aDwarfed fruit trees, for orchard, garden and home
260 _aNew York :
_bMacMillan,
_c1964
300 _a562 p.
_b: ilus.
590 _aBATCH-UPD
_b10
_c20130110
_lUCH01
_h0556
590 _aBATCH-UPD
_b10
_c20130110
_lUCH01
_h2346
590 _aCONVERSION
_b10
_c20130109
_lUCH01
_h1330
650 1 4 _aFrutales enanos.
_943674
650 1 4 _aFruticultura.
_943684
901 _aBK
942 _cLIBRO
949 _a634 T8
_bBC
_cLIBRO
_d33724000202990
_eLIBRO
_h15419
_i59906
_si
949 _a634 T8
_bBC
_cLIBRO
_d33724000203006
_eLIBRO
_fc.2
_gI.133017
_h68915
_i59906
_si
949 _a634 T8
_bBC
_cLIBRO
_d33724000203014
_eLIBRO
_fc.3
_h82140
_i59906
_si
999 _c54782
_d54782